Development at the World Trade Organization / (Record no. 18907)
[ view plain ]
| 000 -LEADER | |
|---|---|
| fixed length control field | 01283nam a2200349 i 4500 |
| 001 - CONTROL NUMBER | |
| control field | 016327961 |
| 003 - CONTROL NUMBER IDENTIFIER | |
| control field | OSt |
| 005 - DATE AND TIME OF LATEST TRANSACTION | |
| control field | 20160822150634.0 |
| 008 - FIXED-LENGTH DATA ELEMENTS--GENERAL INFORMATION | |
| fixed length control field | 130410r20132012xxk fr2b f001 0 eng d |
| 020 ## - INTERNATIONAL STANDARD BOOK NUMBER | |
| International Standard Book Number | 9780199682270 (pbk.) |
| 040 ## - CATALOGING SOURCE | |
| Original cataloging agency | StDuBDS |
| Language of cataloging | eng |
| Transcribing agency | StDuBDS |
| Modifying agency | IeDuTC |
| -- | EG-ScBUE |
| 082 00 - DEWEY DECIMAL CLASSIFICATION NUMBER | |
| Classification number | 382.92 |
| Edition number | 22 |
| Item number | ROL |
| 100 1# - MAIN ENTRY--PERSONAL NAME | |
| Personal name | Rolland, Sonia E. |
| 9 (RLIN) | 37257 |
| 245 10 - TITLE STATEMENT | |
| Title | Development at the World Trade Organization / |
| Statement of responsibility, etc | Sonia E. Rolland. |
| 246 34 - VARYING FORM OF TITLE | |
| Title proper/short title | Development at the WTO |
| 250 ## - EDITION STATEMENT | |
| Edition statement | 1st ed., |
| Remainder of edition statement | reprinted |
| 260 ## - PUBLICATION, DISTRIBUTION, ETC. (IMPRINT) | |
| Place of publication, distribution, etc | Oxford, United Kingdom ; |
| -- | New York, United States : |
| Name of publisher, distributor, etc | Oxford University Press, |
| Date of publication, distribution, etc | 2013. |
| 300 ## - PHYSICAL DESCRIPTION | |
| Extent | xxxviii, 361 p. ; |
| Dimensions | 24 cm. |
| 490 1# - Series Statement | |
| Series statement | International economic law series |
| 500 ## - GENERAL NOTE | |
| General note | Reprint of the 2012 ed |
| 500 ## - GENERAL NOTE | |
| General note | Index : p. 355-361.<br/> |
| 504 ## - BIBLIOGRAPHY, ETC. NOTE | |
| Bibliography, etc | Bibliography : p. 333-353. |
| 504 ## - BIBLIOGRAPHY, ETC. NOTE | |
| Bibliography, etc | Includes bibliographical references. |
| 610 20 - SUBJECT ADDED ENTRY--CORPORATE NAME | |
| Corporate name or jurisdiction name as entry element | World Trade Organization |
| Geographic subdivision | Developing countries |
| 9 (RLIN) | 37258 |
| 650 #0 - SUBJECT ADDED ENTRY--TOPICAL TERM | |
| Topical term or geographic name as entry element | Free trade |
| Geographic subdivision | Developing countries |
| 9 (RLIN) | 37259 |
| 651 #0 - SUBJECT ADDED ENTRY--GEOGRAPHIC NAME | |
| Geographic name | Developing countries |
| General subdivision | Commercial policy |
| 9 (RLIN) | 37260 |
| 653 ## - INDEX TERM--UNCONTROLLED | |
| Resource For college | BAEPS, Economics |
| Arrived date list | January2015 |
| 655 ## - INDEX TERM--GENRE/FORM | |
| Form subdivision | |
| -- | 34232 |
| 651 #0 - SUBJECT ADDED ENTRY--GEOGRAPHIC NAME | |
| 9 (RLIN) | 3693 |
| Geographic name | Developing countries |
| General subdivision | Economic policy |
| 830 #0 - SERIES ADDED ENTRY--UNIFORM TITLE | |
| Uniform title | International economic law series (Oxford, England) |
| 942 ## - ADDED ENTRY ELEMENTS (KOHA) | |
| Source of classification or shelving scheme | Dewey Decimal Classification |
| Call number prefix | 382.92 ROL |
| Withdrawn status | Item status | Source of classification or shelving scheme | Damaged status | Not for loan | Vendor | Home library | Current library | Shelving location | Date acquired | Source of acquisition | Cost, normal purchase price | Serial Enumeration / chronology | Total Checkouts | Total Renewals | Full call number | Barcode | Date last seen | Date last borrowed | Cost, replacement price | Koha item type |
|---|---|---|---|---|---|---|---|---|---|---|---|---|---|---|---|---|---|---|---|---|
| Dewey Decimal Classification | Baccah | Central Library | Central Library | First floor | 19/01/2015 | 211.00 | 21291 | 1 | 2 | 382.92 ROL | 000037330 | 15/07/2025 | 02/11/2019 | 264.00 | Book - Borrowing |